| 000 | 00663cam a22002293a 4500 | ||
|---|---|---|---|
| 001 | 32144 | ||
| 003 | PGUSA | ||
| 005 | 20140828083709.0 | ||
| 008 | 100426s2010||||xxu|||||s|||||000 1 eng d | ||
| 040 |
_aPGUSA _beng |
||
| 042 | _adc | ||
| 050 | 4 | _aPS | |
| 100 | 1 |
_aBarr, Amelia Edith Huddleston, _d1831-1919 |
|
| 245 | 1 | 0 |
_aJan Vedder's Wife _h[electronic resource] / _cAmelia Edith Huddleston Barr |
| 260 |
_bProject Gutenberg, _c2010 |
||
| 506 | _aPublic domain in the USA. | ||
| 516 | _aElectronic text | ||
| 653 | _aShetland (Scotland) -- Fiction | ||
| 830 | 0 |
_aProject Gutenberg _v32144 |
|
| 856 | 4 | 0 | _uhttp://www.gutenberg.org/ebooks/32144 |
| 942 | _cEB | ||
| 999 |
_c261399 _d261399 |
||